=LDR 00000nam 2200000 4500 =001 INLIS000000000045900 =005 20150211155525.0 =006 =007 =008 =020 ##$$a 979-8990-90-0 =035 ##$$0010-021500000000460 =040 ##$$a Ind =082 ##$$a 615.4 =090 ##$$a 615.4$bSha b.4 =100 ##$$a Shargel,Leon, PhD =245 ##$$a Biofarmasetika dan farmakokinetika =250 ##$$a cet.I-2 =260 ##$$a Surabaya$c2005 =300 ##$$a 545hlm$c25cm =850 ##$$a NBPDMAT =990 ##$$a 0001/BPAP-NTB/20142015 =990 ##$$a 0001/BPAP-NTB/2016 =990 ##$$a 21601901/BPAP-NTB/2017 =990 ##$$a 21602316/BPAP-NTB/2017 =990 ##$$a 08770877 =990 ##$$a 21005747 =990 ##$$a 0001/BPAP-NTB/20142015 =990 ##$$a 0001/BPAP-NTB/2016 =990 ##$$a 21601901/BPAP-NTB/2017 =990 ##$$a 21602316/BPAP-NTB/2017